| 000 | 00486nam a22001937a 4500 | ||
|---|---|---|---|
| 005 | 20260121120558.0 | ||
| 008 | 260121b |||||||| |||| 00| 0 eng d | ||
| 020 |
_a9789354802164 _c270.00 |
||
| 040 | _aMAIN | ||
| 041 | _aEnglish | ||
| 082 |
_a658.002 _bSAR |
||
| 100 |
_aSaroj, Kumar _925985 |
||
| 245 | _aInnovation and Entrepreneurship | ||
| 260 |
_aLucknow _bThakur _c2023 |
||
| 300 | _a337 | ||
| 650 | _aCommerce | ||
| 700 |
_aChowdhury, Tripti Singh _925986 |
||
| 942 | _cBK | ||
| 999 |
_c60020 _d60020 |
||